000 00602nam a22002297a 4500
003 UA-OsUOA
001 72894
007 ta
008 20110202b un ||||| |||| 00| 0 ukr d
100 _aКампсамун І.
700 _aРешетилова О.
090 _a908
_bК18
942 _cSA
040 _aUA-OsUOA
_bukr
_cUA-OsUOA
_dUA-OsUOA
245 _aОстрозькі зустрічі: "Щодня на один крок більше..."
300 _aС.6-7
955 _a0
041 _aukr
080 _a908
773 0 _w72891
650 7 _a908 Краєзнавство
_2UDC
999 _c359178
_d359178